[Event "20th Prague Open 2022"]
[Site "Prague"]
[Date "2022.01.10"]
[Round "5.4"]
[White "Ondrus, Martin"]
[Black "Mikes, Jan"]
[Result "0-1"]
[WhiteElo "2267"]
[BlackElo "2329"]
[Annotator "TA"]
[PlyCount "74"]
[EventDate "2022.01.07"]
[EventType "swiss"]
[EventCountry "CZE"]
[SourceTitle "playchess.com"]
[Source "ChessBase"]
[SourceQuality "1"]

{[%evp 19,74,15,29,-8,13,21,26,0,22,-28,-11,-58,-52,-57,-61,-67,-72,-71,-59,-61,-64,-191,-33,-27,-38,-45,-30,-21,-12,-14,41,38,26,-20,-19,-180,-163,-171,-40,-46,-76,-23,0,0,5,-214,-158,-232,-185,-459,-454,-389,-347,-397,-411,-422,-339]} 1. e4 c5 2. Nf3 d6 3. d4 cxd4 4. Nxd4 Nf6 5. Nc3 Nc6 6. f3 e5 7. Nb3 Be7 8. Be3 O-O 9. Qd2 a5 {[%cal Ba7a5,Ba5a4][%mdl 32]} 10. Bb5 Be6 11. Nd5 {Black must now prevent Bb6. Recently 11.0-0-0 got a lot of attention. B56: Classical Sicilian: Unusual Lines.} Bxd5 (11... a4 {keeps more tension.} 12. Bb6 Qb8 13. Bxc6 bxc6 14. Nxe7+ Kh8) 12. exd5 Na7 {[%cal Bc6a7,Ba7c8,Bc8b6][%mdl 32]} 13. Be2 {White has an edge.} a4 14. Nc1 ({White should try} 14. Na5 $1) 14... Nc8 15. c4 (15. O-O $11) 15... b5 $15 16. cxb5 Nb6 17. O-O Nfxd5 18. Bf2 Bg5 19. Qd3 Rc8 {[#] Hoping for ...Bxc1. Black is more active.} 20. a3 $146 (20. Kh1 $1 $15) ({Predecessor:} 20. Qa3 Nf4 21. Bd3 d5 22. Bc5 Re8 23. Bf5 Nc4 24. Qb4 Rxc5 25. Qxc5 Nd3 26. Qb6 Nb4 27. Qb7 Nd6 28. Qa7 Nxf5 29. Qxa4 Be3+ 30. Kh1 Ng3+ 31. hxg3 Qd6 {0-1 (31) Deseatnicov,I (2251)-Navrotescu,C (2443) Eforie Nord 1999}) 20... f5 $2 (20... Bxc1 $19 21. Raxc1 (21. Rfxc1 $2 Rxc1+ 22. Rxc1 Nf4 $19) 21... Rxc1 22. Rxc1 Nf4) 21. Na2 Nf4 $36 {[%mdl 2048] White is under pressure. Pair of Knights!} 22. Qd1 d5 $1 23. Nb4 d4 24. Re1 Kh8 (24... Nfd5 $11) 25. Bf1 $14 Qf6 26. g3 (26. Nc6 $142) 26... Ne6 $11 {[%cal Oe5e4,Bf4e6,Be6g5,Bg5e4][%mdl 32]} 27. Nd3 $2 (27. f4 $11 exf4 28. g4) 27... Nc4 $19 {aiming for ...Be3.} 28. f4 {[#]} e4 29. fxg5 (29. Rc1 e3) 29... Nxg5 30. Bg2 exd3 (30... e3 $5 {[%cal Re3f2]} 31. Re2 (31. Qxa4 exf2+ 32. Nxf2 f4 $17) 31... exf2+ 32. Rxf2 Qe7 $11) 31. Qxd3 Ne5 {[#]} 32. Qe2 (32. Rxe5 $1 $11 {and White stays safe.} Qxe5 33. Bxd4) 32... Rce8 {[%cal Bc8e8,Be8e7,Be7a7][%mdl 32]} 33. Kh1 {[#]} ({Don't go for} 33. Bxd4 $2 Nef3+ $1 {[%mdl 512]} 34. Kh1 Rxe2 $19) (33. Qd1 $17 d3 34. Rf1) 33... d3 $1 34. Qd1 (34. Qf1 {was worth a try.} Ne4 35. Bg1) 34... Ne4 35. Ba7 Re7 36. Rf1 {[#] Bxe4 is the strong threat.} Nxg3+ {[%mdl 512]} 37. hxg3 {Strongly threatening Bc5.} Rxa7 {Weighted Error Value: White=0.56/Black=0.29 (precise)} 0-1

[Event "20th Prague Open 2022"]
[Site "Prague"]
[Date "2022.01.10"]
[Round "5.5"]
[White "Hrbek, Stepan"]
[Black "Lim, Zhuo Ren"]
[Result "0-1"]
[WhiteElo "2179"]
[BlackElo "2311"]
[Annotator "TA"]
[PlyCount "102"]
[EventDate "2022.01.07"]
[EventType "swiss"]
[EventCountry "CZE"]
[SourceTitle "playchess.com"]
[Source "ChessBase"]
[SourceQuality "1"]

{[%evp 16,102,28,24,38,31,26,31,48,0,5,-35,0,0,0,0,0,0,0,0,0,0,0,0,0,-21,-20,-78,-83,-85,-50,-80,0,-80,-76,-117,-133,-156,-155,-138,-135,-158,-154,-214,-187,-187,-144,-135,-158,-150,-140,-152,-145,-232,-232,-212,-215,-263,-237,-228,-250,-242,-249,-240,-247,-241,-241,-267,-236,-233,-206,-250,-220,-217,0,-254,-252,-268,-268,-299,-354,-353,-322,-467,-491,-470,-483,-467,-448]} 1. e4 c5 2. Nf3 d6 3. Bb5+ Nc6 4. O-O Bd7 5. Re1 Nf6 6. c3 a6 7. Bf1 Bg4 8. d4 cxd4 9. cxd4 g6 {B51: Sicilian: Moscow Variation (3 Bb5+) without 3...Bd7.} 10. Nc3 Bg7 11. Be3 {[#]} Nd7 $146 {White is slightly better.} ({Predecessor:} 11... d5 12. e5 Ne4 13. Ne2 f6 14. h3 Bxf3 15. gxf3 Ng5 16. Bg2 e6 17. f4 Nf7 {1-0 (31) Delchev,A (2643)-Meins,G (2448) Bad Wiessee 2013}) 12. d5 (12. Rc1 $14) 12... Nce5 $11 {[%cal Bc6e5,Be5c4,Bc4b2][%mdl 32]} 13. h3 Bxf3 14. gxf3 Rc8 $1 15. f4 Nc4 16. Bd4 Nxb2 17. Qd2 Bxd4 18. Qxd4 O-O 19. Rab1 Qc7 20. Rec1 Nc4 21. a4 {[#]} (21. Nd1 $1 $11 b5 22. Bxc4 bxc4 23. Ne3 (23. Rb4 Qc5 $15)) 21... Na5 $1 $17 22. Ne2 Qb8 23. Nc3 Qc7 24. Ne2 $1 Qd8 25. Qb4 (25. Rc3 $142) 25... Rxc1 26. Rxc1 {[#]} Qb6 $1 $36 {[%mdl 2048] Black is on the roll.} 27. Qe1 Nb3 28. Rb1 Qa5 {Black is more active.} 29. Qd1 (29. Qxa5 $17 Nxa5 30. Nd4) 29... Nbc5 30. Qd4 Qxa4 (30... Nxa4 $19 31. Rxb7 Nac5) 31. Qxa4 Nxa4 32. Rxb7 Nac5 {[%csl LRb7,LRe4] Pair of Knights!} 33. Ra7 Rb8 34. Nd4 (34. Ng3 $17) 34... Rb4 $19 35. Nc6 Rxe4 36. Bxa6 Nf6 ({Avoid the trap} 36... Rxf4 $2 37. Nxe7+ Kg7 38. Bf1 $17) 37. Bf1 Nxd5 {White must now prevent ...Re1.} 38. Bg2 Re1+ ({And not} 38... Nxf4 39. Bxe4 Nxe4 40. Nxe7+ Kg7 41. h4 $11) 39. Kh2 Nxf4 {And now ...Kf8 would win.} 40. Nxe7+ Kf8 41. Nc8 Nxg2 42. Kxg2 {[%mdl 4096] Endgame KRN-KRN} Re6 43. f3 Ke8 44. Nb6 Kf8 45. Nc8 $1 h5 {[%cal Bh7h5,Bh5h4][%mdl 32]} 46. Kg3 Nb3 {To avoid Ra1} 47. Ra4 d5 48. Rb4 Nc1 {[%cal Od5d4]} 49. Rb1 (49. Rb5 {is a better defense.}) 49... Ne2+ {Black is clearly winning.} 50. Kf2 h4 51. Rb4 g5 {Weighted Error Value: White=0.18 (very precise) /Black=0.14 (very precise)} 0-1

[Event "20th Prague Open 2022"]
[Site "Prague"]
[Date "2022.01.10"]
[Round "5.6"]
[White "Nielsen, Andre"]
[Black "Mannion, Stephen R"]
[Result "1/2-1/2"]
[WhiteElo "2232"]
[BlackElo "2267"]
[Annotator "TA"]
[PlyCount "57"]
[EventDate "2022.01.07"]
[EventType "swiss"]
[EventCountry "CZE"]
[SourceTitle "playchess.com"]
[Source "ChessBase"]
[SourceQuality "1"]

{[%evp 11,57,0,0,-12,0,0,0,0,0,0,2,0,0,-5,0,0,0,0,32,27,36,-22,41,43,34,29,25,14,0,0,31,12,93,74,104,102,106,98,103,75,82,0,93,0,76,0,70,0]} 1. e4 e5 2. Nf3 Nc6 3. Bc4 Bc5 4. c3 {[%cal Bc2c3,Bc3d4,Bd4d5][%mdl 32]} Nf6 5. d4 exd4 6. cxd4 Bb4+ 7. Nbd2 {C54: Giuoco Piano: 4 c3 Nf6, main lines with 5 d4 and 5 d3.} Nxe4 8. d5 $1 {The main line 8.d5 scores better than 8.0-0.} Nxd2 9. Bxd2 {The position is equal.} Bxd2+ 10. Qxd2 ({Don't play} 10. Nxd2 Qe7+ 11. Qe2 Qxe2+ 12. Kxe2 Ne5 $15) (10. Kxd2 Ne7 $15) 10... Ne7 11. O-O-O d6 12. h4 $1 {[#]} O-O $146 ({Predecessor:} 12... Bg4 13. Qd4 Qd7 14. h5 h6 15. Rde1 Kf8 16. Nh4 Bxh5 17. g4 Qxg4 18. f4 Qd7 {0-1 (34) Mamedyarov,S (2767)-Karjakin,S (2743) Baku 2021}) 13. h5 h6 14. Rdg1 $1 c6 15. g4 $1 {g5 is the strong threat.} cxd5 16. Bb3 {[#]} (16. Bd3 $1 $14) 16... f6 (16... Bxg4 $1 $11 17. Nd4 Rc8+ 18. Bc2 Qd7) 17. Bc2 $14 ({Reject} 17. Bxd5+ Nxd5 18. Qxd5+ Rf7 $15) 17... Bd7 18. Qd3 {aiming for Qh7+.} Rc8 19. Kb1 {Hoping for Qh7+.} Rxc2 20. Qxc2 Qc8 21. Nd4 Bxg4 (21... Qc5 $11 22. Re1 Qxd4 23. Rxe7 Qxg4) 22. Qxc8 $16 Bxc8 {[#]} 23. Rc1 $1 {Prevents Nc6.} Nf5 {[#]} 24. Rxc8 $1 {[%mdl 512] White is more active.} Nxd4 25. Rc7 Rf7 26. Rc8+ {[%mdl 1024] White has strong compensation.} Rf8 27. Rc7 {Strongly threatening Rd1.} Rf7 28. Rc8+ Rf8 29. Rc7 {Weighted Error Value: White=0.13 (very precise) /Black=0.14 (very precise)} ({White should try} 29. Rxf8+ $14 Kxf8 30. Rd1) 1/2-1/2

[Event "20th Prague Open 2022"]
[Site "Prague"]
[Date "2022.01.10"]
[Round "5.7"]
[White "Neuman, Petr"]
[Black "Novotny, Michal"]
[Result "1-0"]
[WhiteElo "2402"]
[BlackElo "2236"]
[Annotator "TA"]
[PlyCount "77"]
[EventDate "2022.01.07"]
[EventType "swiss"]
[EventCountry "CZE"]
[SourceTitle "playchess.com"]
[Source "ChessBase"]
[SourceQuality "1"]

{[%evp 15,77,0,3,0,2,-20,-14,-26,-17,-13,-9,-12,0,0,0,0,29,12,52,45,43,39,54,-35,-34,-22,0,-30,-13,-39,-33,-39,-27,-46,0,1,1,8,2,0,7,8,3,7,163,162,628,592,606,602,564,565,740,664,29968,29969,29966,6179,29989,29990,29990,29991,29993,29994]} 1. Nf3 d5 2. g3 g6 3. Bg2 Bg7 4. O-O e5 5. d3 Ne7 6. Nbd2 O-O 7. e4 Nbc6 8. c3 a5 9. a4 {A07: Réti Opening: New York and Capablanca Systems.} d4 10. Nb3 b6 11. cxd4 {The position is equal.} exd4 12. Nbd2 Nb4 13. Nc4 {[#]} Be6 $146 ({Predecessor:} 13... Nec6 14. Bf4 Na6 15. e5 Be6 16. Ng5 Bd5 17. e6 Bxg2 18. exf7+ Rxf7 19. Kxg2 Qd5+ {½-½ (36) Batal,J (1960)-Pepermans,T (2000) FICGS email 2012}) 14. b3 $1 h6 15. Ne1 Qd7 16. Nc2 Rab8 17. Nxb4 axb4 18. Qc2 f5 19. f3 ({Better is} 19. exf5 $14 Bxf5 20. a5) 19... g5 20. Bd2 c5 (20... fxe4 {keeps more tension.} 21. fxe4 Rxf1+ 22. Rxf1 Nc6 23. e5 Nxe5 24. Bxb4 Ng4) 21. a5 (21. f4 {is interesting.} fxe4 22. Bxe4 Nd5 23. fxg5 hxg5 24. Bxg5 Nc3 25. Rxf8+ Rxf8 26. Re1) 21... bxa5 22. Rxa5 fxe4 23. fxe4 Rxf1+ 24. Bxf1 Rb5 (24... Qc7 $1 $15) 25. Ra8+ $1 $11 Kh7 26. Bg2 Ng6 27. Qd1 {[%cal Od2g5]} Rb7 28. e5 {[%cal Be4e5,Be5e6][%mdl 32]} Bd5 $1 29. Qe2 {[%cal Oh2h4]} Bxc4 $2 {[#] This costs Black the game.} (29... Bxg2 $11 {and Black stays safe.} 30. Qxg2 (30. e6 Qc6 $15) 30... Rc7) 30. dxc4 $18 Ra7 $2 (30... d3 31. Qf2 (31. Qe4 Ra7 $16) 31... Rc7) 31. e6 Qe7 32. Rxa7 Qxa7 33. Be4 {[%cal Oe6e7] [#] Strongly threatening e7!} Bf6 34. h4 {Intending hxg5 and mate.} Kg7 35. hxg5 hxg5 36. Qh5 $1 {[%csl LRg5,LRg6]} Qa1+ 37. Kg2 {White mates.} Ne5 38. Bxg5 Qb2+ 39. Kh3 {Weighted Error Value: White=0.08 (flawless) /Black=0.74} 1-0

[Event "20th Prague Open 2022"]
[Site "Prague"]
[Date "2022.01.10"]
[Round "5.8"]
[White "Czerw, Dawid"]
[Black "Michalczak, Thomas"]
[Result "1/2-1/2"]
[WhiteElo "2396"]
[BlackElo "2218"]
[Annotator "TA"]
[PlyCount "75"]
[EventDate "2022.01.07"]
[EventType "swiss"]
[EventCountry "CZE"]
[SourceTitle "playchess.com"]
[Source "ChessBase"]
[SourceQuality "1"]

{[%evp 17,75,10,18,-13,-15,-23,37,11,19,20,10,10,10,23,15,6,31,0,22,-4,0,-15,-6,-12,-9,-18,-11,-43,-47,-53,-48,-47,-34,-46,-43,-34,0,-12,0,0,40,37,121,128,128,131,194,138,154,0,0,-58,-60,-47,-50,-62,-42,-43,-30,-53]} 1. e4 e5 2. Nf3 Nc6 3. Bb5 a6 4. Ba4 Nf6 5. Qe2 b5 6. Bb3 Be7 7. d4 d6 8. c3 O-O 9. O-O $1 {9.0-0 is better than 9.Nbd2.} Bg4 10. d5 {C86: Closed Ruy Lopez: Worrall Attack.} Na5 11. Bc2 h6 (11... c6 $11) 12. h3 {White is slightly better.} Bd7 13. Rd1 Qc8 14. Nbd2 c6 15. dxc6 Qxc6 16. Nf1 Rfe8 17. Ne3 Bf8 {[#]} 18. Nd5 $146 ({Predecessor:} 18. Qd3 Qc7 19. Nh2 Nc4 20. Nhg4 Nxg4 21. Nxg4 d5 22. Ne3 d4 23. Nd5 Qc6 24. cxd4 {½-½ (95) Polgar,J (2685)-Kovalev,V (2554) Dubai 2014}) 18... Nxd5 19. exd5 Qc4 20. Qxc4 Nxc4 21. a4 Rec8 22. Ne1 (22. a5 $5 {[%cal Rb2b3]}) 22... bxa4 23. Bxa4 Bxa4 24. Rxa4 Rab8 25. b4 $1 Nb6 26. Ra3 Rb7 27. Kf1 Ra8 28. Nc2 Nc4 29. Ra2 a5 (29... h5 $14) 30. Ne3 $16 Nxe3+ 31. Bxe3 Rb5 (31... a4 $16 {keeps fighting.}) 32. Ke2 ({White should play} 32. Rda1 $18) 32... Be7 33. Rb1 $2 {[#] White is more active.} (33. Rda1 $16) 33... Rab8 $11 34. Rab2 (34. Ra4 $11) 34... Bg5 $1 $15 (34... Rxd5 $2 35. c4 $18) 35. Bxg5 hxg5 36. c4 Rxb4 37. Rxb4 axb4 ({Resist} 37... Rxb4 38. Rxb4 axb4 39. Kd3 $14) 38. Kd3 {Weighted Error Value: White=0.18 (very precise) /Black=0.15 (very precise)} 1/2-1/2

[Event "20th Prague Open 2022"]
[Site "Prague"]
[Date "2022.01.10"]
[Round "5.9"]
[White "Fus, Jakub"]
[Black "Jordanov, Mihail"]
[Result "1/2-1/2"]
[WhiteElo "2384"]
[BlackElo "2193"]
[Annotator "TA"]
[PlyCount "90"]
[EventDate "2022.01.07"]
[EventType "swiss"]
[EventCountry "CZE"]
[SourceTitle "playchess.com"]
[Source "ChessBase"]
[SourceQuality "1"]

{[%evp 12,90,0,-14,25,0,15,8,27,22,55,16,14,25,30,25,25,27,42,28,32,22,42,17,29,29,52,15,13,23,24,0,97,98,106,119,106,116,113,111,157,154,145,146,153,148,172,168,160,123,150,105,125,87,89,97,96,116,85,109,97,24,29,0,10,11,8,0,0,-21,-22,-29,-30,-35,-30,-28,-27,-38,-24,-23,0]} 1. d4 Nf6 2. c4 e6 3. Nf3 b6 4. Bf4 Bb4+ 5. Nbd2 Bb7 6. e3 O-O 7. Bd3 d5 {E12: Queen's Indian: Unusual White 4th moves, 4 a3, 4 Nc3 Bb7 5 a3 and 4 Nc3 Bb7 .} 8. O-O Bd6 9. Bg5 Be7 {The position is equal.} 10. Rc1 h6 11. Bh4 Nbd7 12. cxd5 Nxd5 13. Bxe7 Nxe7 {[#]} 14. Ne4 $146 ({Predecessor:} 14. Bb5 c6 15. Ba4 Rc8 16. b4 a5 17. Ne4 Ba6 18. Re1 axb4 19. Qd2 c5 20. Red1 {1-0 (42) Lytchak,A (2375)-Auer,M (2330) Germany 1999}) 14... Nd5 15. Qa4 Qe7 16. Bb5 Nb8 {[%cal Od5e3]} 17. Nc3 Rc8 18. Nxd5 Bxd5 19. Bd3 c5 20. dxc5 bxc5 21. Be4 Qb7 {[#]} (21... Nd7 $11 {remains equal.}) 22. Rxc5 $1 $16 {Strongly threatening Bxd5.} Bxe4 (22... Nd7 23. Rxc8+) 23. Rxc8+ {[%mdl 64] Overworked Piece} Qxc8 24. Qxe4 Nd7 25. Nd4 Rb8 ({Better is} 25... Nb6) 26. Nc6 {Ne7+ is the strong threat.} Nf6 27. Qc2 {aiming for Ne7+. White is much more active.} Qc7 {Inhibits Ne7+.} 28. Rc1 Rb7 29. b4 Qb6 30. Qc5 Qa6 31. Qc4 (31. Ne5 $142) 31... Qa3 32. Rb1 Nd5 33. Qb3 Qxb3 34. Rxb3 {[%mdl 4096] Endgame KRN-KRN} Rb6 35. b5 ({Of course not} 35. Nxa7 Ra6 36. Nb5 Rxa2 $11) 35... a6 {[#]} 36. Nd4 (36. a4 $1 $16) 36... e5 $11 37. e4 Nc7 38. Nf3 Rxb5 39. Kf1 f6 40. Ke2 Ra5 41. Rb8+ Kh7 42. Rb2 Nb5 43. Kd3 Ra3+ 44. Kc4 Ra4+ 45. Kd3 Ra3+ {White really could win this.  Weighted Error Value: White=0.14 (very precise) /Black=0.11 (very precise)} 1/2-1/2

[Event "20th Prague Open 2022"]
[Site "Prague"]
[Date "2022.01.10"]
[Round "5.10"]
[White "Bochnicka, Vladimir"]
[Black "Kozak, Antoni"]
[Result "0-1"]
[WhiteElo "2222"]
[BlackElo "2356"]
[Annotator "TA"]
[PlyCount "72"]
[EventDate "2022.01.07"]
[EventType "swiss"]
[EventCountry "CZE"]
[SourceTitle "playchess.com"]
[Source "ChessBase"]
[SourceQuality "1"]

{[%evp 18,72,-10,-15,-22,-20,0,-19,4,0,25,0,23,26,26,20,130,0,20,16,11,12,16,8,61,56,56,53,55,63,360,-99,-94,-118,-127,-101,-122,-117,-105,-146,-102,-194,-192,-212,-223,-239,-177,-229,-151,-314,-287,-29976,-29976,-29993,-29994,-29995,-70]} 1. c4 d6 2. Nc3 e5 3. g3 g6 4. Bg2 Bg7 5. d3 f5 6. e4 Nc6 7. Nge2 Nf6 8. O-O O-O 9. exf5 Bxf5 10. h3 Qd7 {A26: English Opening vs King's Indian with ...Nc6 and d3.} 11. Kh2 {[#]} Rad8 $146 ({Predecessor:} 11... Be6 12. Nd5 Nh5 13. Qa4 Rf7 14. Be3 a6 15. Rac1 Kh8 16. b4 Raf8 17. Rce1 h6 18. Ng1 {1-0 (52) Kokarev,D (2609)-Setyaki,A (2421) Yogyakarta 2019}) 12. Be3 Be6 {The position is equal.} 13. f4 h6 14. b3 Kh7 15. Qd2 Ne7 16. Rae1 Bf7 (16... b6 $11 {keeps the balance.}) 17. Bg1 (17. Bxa7 $6 b6 $11) (17. Bxb7 $6 c6 18. Ba6 (18. fxe5 dxe5 19. Ba6 Be6 $11) 18... Be6 $11) (17. fxe5 $1 $16 dxe5 18. Rxf6 $1 (18. Bxb7 c6 $11) (18. Bxa7 b6 $11) 18... Bxf6 19. Bxh6) 17... exf4 18. Nxf4 g5 19. Nfe2 {[%cal Bf4e2,Be2d4,Bd4f5][%mdl 32]} d5 20. Bc5 b6 (20... dxc4 $11 21. Bxb7 (21. Nd4 Nfg8 $11) 21... c6) 21. Bxe7 $14 Qxe7 22. Nd4 Qd7 23. Nf5 {Threatens to win with Re7.} dxc4 $2 {[%mdl 8192]} (23... Be6 $14 24. Nxg7 Kxg7) 24. Ne4 $2 {Pair of Knights!} (24. Nxg7 $18 Kxg7 25. Rxf6 Kxf6 26. Qb2) 24... Bg6 {[%cal Bf7g6,Bg6f5,Bf5d7][%mdl 32]} (24... Qxd3 25. Nxg5+ hxg5 26. Qxg5 $16) (24... Nxe4 {feels hotter.} 25. Bxe4 Bg6 26. Nxg7 Rxf1 27. Bxg6+ Kxg7 28. Rxf1 Kxg6 29. Qf2 cxd3 30. Qf6+ Kh7) 25. Nxg5+ hxg5 26. Re7 {[#]} Bxf5 $1 27. Rxd7 Bxd7 {The board is on fire.} (27... Nxd7 $2 28. Rxf5 $1 Rxf5 29. Be4 $18) 28. dxc4 (28. Qxg5 $142 cxd3 29. Qh4+ Kg8 30. Qc4+ Rf7 31. Be4) 28... g4 (28... Kh6 $142 {[%cal Od7h3] aiming for ...Bxh3!} 29. Qc1 c5) 29. h4 {[#]} (29. Qc2+ $17 Kh8 30. h4) 29... Bf5 $1 $19 {[%mdl 512]} 30. Qg5 (30. Qf4 Bg6) 30... Bg6 31. c5 bxc5 32. Qxc5 (32. Rf2 $142) 32... Rd2 33. Qxa7 $2 (33. h5 $17 Bxh5 34. Qxa7) 33... Re8 {( -> ...Ree2)} 34. Kh1 $2 (34. Rf2 $19 Rd3 35. Rf4) 34... Ree2 {[%csl LRa2,LRg2] Black mates.} 35. Qxc7 Rxg2 36. Rxf6 Rh2+ {Quite a comeback for Black.  Weighted Error Value: White=0.74/Black=0.42} ({Not} 36... Be4 37. Rh6+ Kxh6 38. Qf4+ Kg6 39. Qxe4+ Kh6 40. Qf4+ Kh7 41. Qe4+ Kh6 42. Qf4+ Kh7 43. Qe4+ Kh6 $11) 0-1

[Event "20th Prague Open 2022"]
[Site "Prague"]
[Date "2022.01.10"]
[Round "5.11"]
[White "Plischki, Sebastian"]
[Black "Grutter, Tim"]
[Result "1/2-1/2"]
[WhiteElo "2375"]
[BlackElo "2194"]
[Annotator "TA"]
[PlyCount "93"]
[EventDate "2022.01.07"]
[EventType "swiss"]
[EventCountry "CZE"]
[SourceTitle "playchess.com"]
[Source "ChessBase"]
[SourceQuality "1"]

{[%evp 9,93,-6,22,0,21,16,17,15,22,20,39,37,43,25,44,40,56,27,28,30,35,25,33,26,35,31,24,21,31,13,94,35,40,40,40,31,29,21,22,22,13,18,18,25,26,0,26,26,26,26,26,26,26,26,26,26,27,27,44,0,56,41,41,41,41,-67,-67,-77,-77,-77,-67,-77,-67,-67,-44,-66,-66,-66,-23,-23,0,0,0,-7,-2,0]} 1. d4 Nf6 2. Bg5 g6 3. Bxf6 exf6 4. e3 f5 5. g3 d6 6. Bg2 {A45: Trompowsky Attack.} Nd7 7. c4 c6 8. Nc3 Nf6 9. Nge2 {[#]} Be7 $146 ({Predecessor:} 9... Be6 10. Qd3 d5 11. cxd5 cxd5 12. Nf4 a6 13. O-O Rc8 14. Rac1 Rc6 15. Rc2 g5 16. Nxe6 fxe6 {0-1 (39) Olund,J (2350)-Savchenko,B (2564) Chess.com INT 2020}) 10. O-O O-O 11. b4 Re8 12. b5 Qc7 13. bxc6 bxc6 14. Rb1 Bd7 15. Qa4 Rab8 16. Rb3 Rb6 17. Rfb1 Reb8 18. Qa3 Bc8 {[%cal Od6d5]} 19. Nf4 Ne4 (19... d5 $11 20. c5 Rxb3 21. Rxb3 Ne4) 20. Qc1 (20. Rxb6 $16 Rxb6 21. Rxb6 (21. Bxe4 fxe4 22. Rxb6 Qxb6 $11) 21... Qxb6 22. Nxe4 (22. Bxe4 fxe4 23. Kg2 g5 $11) 22... Qb1+ 23. Bf1 fxe4 24. Qxa7) 20... Nxc3 21. Qxc3 Rxb3 22. axb3 a5 23. Nd3 Bf6 24. c5 {aiming for cxd6.} d5 25. Ra1 Ba6 26. Bf1 {[%cal Bg2f1,Bf1e2,Be2d1,Bd1c2][%mdl 32]} Bxd3 27. Qxd3 Bd8 28. Be2 Rb4 29. Ra4 Rb8 30. Bd1 Qb7 31. Bc2 Bc7 32. Kf1 h5 33. Ke2 Kf8 {[%cal Bg8f8,Bf8e7,Be7d6][%mdl 32]} 34. Kd2 (34. h4 $14 {was preferrable.}) 34... Qb5 (34... h4 $11) 35. Qxb5 (35. b4 {feels hotter.} h4 36. gxh4 axb4 37. Bb3 Ke7 38. Qxb5 Rxb5 39. h5) 35... Rxb5 $14 {[%mdl 4096] Endgame KRB-KRB} 36. Kc3 Ke7 37. Ra1 {[#]} (37. h4 $14) 37... Rxc5+ $1 $15 38. Kd2 (38. Kb2 Rb5) 38... Rb5 39. Bd1 Kd6 40. Rc1 Rb8 41. Ra1 h4 42. Ke2 Rh8 43. Rc1 {[%cal Ob3b4]} Rg8 (43... hxg3 $15 44. hxg3 Rh1) 44. b4 $11 Ra8 45. Ba4 {The position is equal.} Ra6 (45... axb4 $2 46. Rxc6+ Ke7 47. Rxc7+ $18) 46. b5 cxb5 47. Bxb5 {Weighted Error Value: White=0.11 (very precise) /Black=0.13 (very precise)} 1/2-1/2

[Event "20th Prague Open 2022"]
[Site "Prague"]
[Date "2022.01.10"]
[Round "5.12"]
[White "Melaa, Sondre"]
[Black "Van Osch, Mees"]
[Result "0-1"]
[WhiteElo "2169"]
[BlackElo "2364"]
[Annotator "TA"]
[PlyCount "64"]
[EventDate "2022.01.07"]
[EventType "swiss"]
[EventCountry "CZE"]
[SourceTitle "playchess.com"]
[Source "ChessBase"]
[SourceQuality "1"]

{[%evp 18,64,17,0,20,-13,-16,-19,-9,-20,-32,-7,-15,-16,-19,-59,-37,-48,-32,-145,-134,-195,-187,-244,-244,-191,-82,-72,-85,-85,-70,-182,-171,-159,-170,-1027,-1017,-887,-1032,-953,-924,-1221,-844,-1161,-1160,-968,-1204,-1008,-1016]} 1. d4 Nf6 2. c4 g6 3. Nc3 Bg7 4. e4 d6 5. Nf3 O-O 6. Be2 Na6 7. O-O e5 8. d5 Nc5 9. Qc2 a5 10. b3 Ng4 {[#] E94: King's Indian: Classical: 6 Be2 e5 7 0-0: Various Black 7th moves.} 11. Bg5 $146 ({Predecessor:} 11. h3 Nf6 12. a3 Nh5 13. Be3 f5 14. Nd2 f4 15. Bxc5 dxc5 16. Qd1 Nf6 17. Nf3 Ne8 18. Nh2 {1-0 (79) Sloniewska,A (1540)-Borys,M (1366) Warsaw 2019}) 11... f6 12. Bh4 g5 {The position is equal.} 13. Bg3 f5 14. exf5 Bxf5 15. Qd2 h6 {[%cal Bh7h6,Bh6h5,Bh5h4][%mdl 32]} 16. Rac1 Nf6 17. Qe3 Qe8 18. Ne1 {[#]} (18. h3 $15) 18... Qg6 $1 $17 19. Rd1 {[#]} (19. Nf3 $17) 19... h5 $1 $19 20. f3 (20. Bxe5 $2 Rae8 21. Nd3 (21. Nf3 $2 Ng4 $19) 21... Nxd3 22. Bxd3 Ng4 23. Bxf5 Rxf5 $19) (20. Nf3 $142 h4 21. Bxh4 (21. Bxe5 $2 Ng4 $19) 21... gxh4 22. Nxh4) 20... h4 21. Bf2 ({Of course not} 21. Bxe5 Rae8 22. Nd3 (22. f4 $2 gxf4 23. Qxf4 Rxe5 $19) 22... Nfd7 $19) 21... Bh6 (21... g4 $19 {and Black stays clearly on top.} 22. Qd2 (22. Bxh4 $2 Bh6 $19) 22... g3 23. Bxc5 gxh2+ 24. Kh1 dxc5) 22. Qd2 $17 e4 {Black is more active.} 23. Bxc5 dxc5 24. fxe4 (24. d6 $15 g4 25. f4) 24... Nxe4 $19 25. Nxe4 {[%cal Of1f5] aiming for Rxf5!} g4 26. Rxf5 $2 (26. Rf4 Bxe4 27. Rxg4 Bxd2 28. Rxg6+ Bxg6 29. Rxd2) 26... Bxd2 {Black is clearly winning.} 27. Rxf8+ Rxf8 28. Nxd2 Qe8 29. Bd3 Qe3+ 30. Kh1 h3 31. Nf1 Qf2 {[%cal Of2f1] ( -> ...Qxf1+!)} 32. Ng3 Re8 {Weighted Error Value: White=0.55/Black=0.06 (flawless)} 0-1